<?xml version="1.0" encoding="UTF-8"?>
<record
    xmlns:xsi="http://www.w3.org/2001/XMLSchema-instance"
    xsi:schemaLocation="http://www.loc.gov/MARC21/slim http://www.loc.gov/standards/marcxml/schema/MARC21slim.xsd"
    xmlns="http://www.loc.gov/MARC21/slim">

  <leader>01994nam a2200241Ia 4500</leader>
  <controlfield tag="003">OSt</controlfield>
  <controlfield tag="005">20210506095245.0</controlfield>
  <controlfield tag="008">210310s1977    ck     gr     000 0 spa d</controlfield>
  <datafield tag="040" ind1=" " ind2=" ">
    <subfield code="a">CO-JMCR</subfield>
    <subfield code="c">CO-JMCR</subfield>
  </datafield>
  <datafield tag="041" ind1="0" ind2=" ">
    <subfield code="a">spa</subfield>
  </datafield>
  <datafield tag="082" ind1="0" ind2="4">
    <subfield code="a">334.6 /</subfield>
    <subfield code="b">S943c</subfield>
    <subfield code="2">23</subfield>
  </datafield>
  <datafield tag="100" ind1="1" ind2=" ">
    <subfield code="a">Sudarsky Rosenbaum, John, </subfield>
    <subfield code="9">12816</subfield>
    <subfield code="e">autor</subfield>
  </datafield>
  <datafield tag="245" ind1="1" ind2="0">
    <subfield code="a">Cooperativas rurales, pol&#xED;tica clientelista y cambio social / </subfield>
    <subfield code="c">John Sudarsky</subfield>
  </datafield>
  <datafield tag="260" ind1=" " ind2=" ">
    <subfield code="a">Bogot&#xE1; : </subfield>
    <subfield code="b">Andina Editores, </subfield>
    <subfield code="c">1977</subfield>
  </datafield>
  <datafield tag="300" ind1=" " ind2=" ">
    <subfield code="a">xvii, 92 p&#xE1;ginas ; </subfield>
    <subfield code="c">22 cm.</subfield>
  </datafield>
  <datafield tag="500" ind1=" " ind2=" ">
    <subfield code="a">Incluye notas a pie de p&#xE1;gina.</subfield>
  </datafield>
  <datafield tag="504" ind1=" " ind2=" ">
    <subfield code="a">Bibliograf&#xED;a: p&#xE1;ginas 87-91</subfield>
  </datafield>
  <datafield tag="505" ind1="0" ind2=" ">
    <subfield code="a">Variedad de cooperativas y su uso potencial como mecanismo para el desarrollo rural -- Obst&#xE1;culos para el desarrollo de cooperativas en sociedades neo-patrimoniales -- Una teor&#xED;a de intervenci&#xF3;n para el desarrollo cooperativo -- Variedades de intervenciones y lecciones de experiencias -- Reflexiones finales</subfield>
  </datafield>
  <datafield tag="520" ind1="3" ind2=" ">
    <subfield code="a">En este trabajo se busca estudiar el uso potencial de las cooperativas como instituciones para el desarrollo rural, los obst&#xE1;culos que encuentran en pa&#xED;ses en desarrollo especialmente en Latin-Am&#xE9;rica, y las lecciones que se pueden aprender de las estrategias utilizadas en otras naciones para su creaci&#xF3;n. Se hace &#xE9;nfasis en los aspectos soci-pol&#xED;ticos, culturales y administrativos. Dos obst&#xE1;culos principales se analizan: la carencia de continuidad de las pol&#xED;ticas gubernamentales y la carencia de acceso aut&#xF3;nomo del campesinado al Centro. A&#xFA;n as&#xED; se considera que las cooperativas contin&#xFA;an siendo usadas por planeadores y dise&#xF1;adores de programas ya que, cuando se comparan con otras formas de ordenamiento del campo, ellas siguen siendo unas de las pocas alternativas que permiten aumentar la participaci&#xF3;n, modernizaci&#xF3;n e integraci&#xF3;n del campesinado de forma m&#xE1;s equitativa y manteniendo niveles semejantes de productividad agr&#xED;cola.</subfield>
  </datafield>
  <datafield tag="650" ind1="1" ind2="4">
    <subfield code="a">Cooperativas rurales</subfield>
    <subfield code="9">15574</subfield>
  </datafield>
  <datafield tag="650" ind1="2" ind2="4">
    <subfield code="a">Cooperativismo</subfield>
    <subfield code="9">37474</subfield>
  </datafield>
  <datafield tag="942" ind1=" " ind2=" ">
    <subfield code="2">ddc</subfield>
    <subfield code="c">BK</subfield>
  </datafield>
  <datafield tag="999" ind1=" " ind2=" ">
    <subfield code="c">7829</subfield>
    <subfield code="d">7829</subfield>
  </datafield>
  <datafield tag="952" ind1=" " ind2=" ">
    <subfield code="0">0</subfield>
    <subfield code="1">0</subfield>
    <subfield code="2">ddc</subfield>
    <subfield code="4">0</subfield>
    <subfield code="7">0</subfield>
    <subfield code="8">NFIC</subfield>
    <subfield code="a">CPL</subfield>
    <subfield code="b">CPL</subfield>
    <subfield code="d">2018-04-15</subfield>
    <subfield code="e">Donaci&#xF3;n</subfield>
    <subfield code="o">334.6 / S943c</subfield>
    <subfield code="p">430003734</subfield>
    <subfield code="r">2024-05-16 00:00:00</subfield>
    <subfield code="t">Ej.1</subfield>
    <subfield code="y">BK</subfield>
  </datafield>
</record>
